Normal view
MARC view
Entry Topical Term
001 - CONTROL NUMBER
- control field: 245922
003 - CONTROL NUMBER IDENTIFIER
- control field: OSt
005 - DATE AND TIME OF LATEST TRANSACTION
- control field: 20251117122201.0
008 - FIXED-LENGTH DATA ELEMENTS
- fixed length control field: 251117|| aca||aabn | a|a d
040 ## - CATALOGING SOURCE
- Original cataloging agency: OSt
- Transcribing agency: OSt
150 ## - HEADING--TOPICAL TERM
- Topical term or geographic name entry element: Siribhuvanajyoti
670 ## - SOURCE DATA FOUND
- Source citation: Work cat.: (OSt)136248: TALVADI (B S) ತಲ್ವಾಡಿ (ಬಿ ಎಸ್) 245920, Siribhuvanajyoti: Yesukristana kurita mahakavya, 2007